J.F. Kennedy´s Impact on the Cold War diplomová práca

Na minha lista:
Detalhes bibliográficos
Autor principal: Holotová, Jarmila
Autor Corporativo: Fakulta aplikovaných jazykov EU v Bratislave. Katedra interkultúrnej komunikácie
Outros Autores: Stradiotová, Eva, 1963-
Formato: Livro
Idioma:inglês
Publicado em: Bratislava 2017
Tags: Adicionar Tag
Sem tags, seja o primeiro a adicionar uma tag!

MARC

LEADER 00000nbm a2200000 4500
001 0231446
005 20180215144217.5
041 0 |a eng 
044 |a SK 
245 1 0 |a J.F. Kennedy´s Impact on the Cold War  |b diplomová práca  |c Jarmila Holotová ; školiteľ: Eva Stradiotová 
264 1 |a Bratislava  |c 2017 
300 |a 74 s. 
100 1 |a Holotová, Jarmila 
700 1 |a Stradiotová, Eva, 1963- 
710 2 |a Fakulta aplikovaných jazykov EU v Bratislave. Katedra interkultúrnej komunikácie